<?xml version="1.0" encoding="UTF-8"?>
<marc:record xmlns:marc="http://www.loc.gov/MARC21/slim">
   <marc:leader>00000nam a2200000 a 4500</marc:leader>
   <marc:datafield ind1="1" ind2=" " tag="100">
      <marc:subfield code="a">Sobieski, Leelee</marc:subfield>
   </marc:datafield>
   <marc:datafield ind1="1" ind2=" " tag="100">
      <marc:subfield code="a">Statham, Jason</marc:subfield>
   </marc:datafield>
   <marc:datafield ind1="0" ind2="0" tag="245">
      <marc:subfield code="a">Schwerter des Königs</marc:subfield>
   </marc:datafield>
   <marc:datafield ind1="0" ind2="0" tag="245">
      <marc:subfield code="b">2 Filme: Dungeon Siege / Zwei Welten</marc:subfield>
   </marc:datafield>
   <marc:datafield ind1=" " ind2="1" tag="264">
      <marc:subfield code="b">Splendit Film GmbH</marc:subfield>
      <marc:subfield code="c">2012</marc:subfield>
   </marc:datafield>
   <marc:datafield ind1="1" ind2=" " tag="520">
      <marc:subfield code="a">Dungeon Siege - Düstere Zeiten sind angebrochen in Ehb, dem einst so friedlichen Reich von König Konreid (Burt Reynolds). Die Krugs, ein Heer grausamer und animalischer Krieger, brandschatzen und morden auf Befehl des bösen Zauberers Gallian (Ray Liotta), der das Land unterjochen will. Bei einem ihrer brutalen Überfälle töten sie auch den Sohn des einfachen Rübenbauern genannt Farmer (Jason Statham) und entführen seine wunderschöne Frau Solana (Claire Forlan). Farmer, außer sich vor Wut und Schmerz, schwört Rache! Er will nicht ruhen, bis er seine Frau gefunden und den Tod seines Sohnes gesühnt hat. Mit seinem Freund Norrick (Ron Perlman) und der Unterstützung des Großmagiers Merick (John Rhys-Davies), der als Einziger Farmers Bestimmung kennt, beginnt er seine lebensgefährliche Odysse - nicht ahnend, welch großes Schicksal ihn erwartet.</marc:subfield>
   </marc:datafield>
   <marc:datafield ind1=" " ind2=" " tag="020">
      <marc:subfield code="a">4013549043748</marc:subfield>
      <marc:subfield code="9">4013549043748</marc:subfield>
   </marc:datafield>
   <marc:datafield ind1=" " ind2=" " tag="500">
      <marc:subfield code="a">freigeg. ab 16 Jahre</marc:subfield>
   </marc:datafield>
   <marc:datafield ind1="0" ind2=" " tag="490">
      <marc:subfield code="v">0</marc:subfield>
   </marc:datafield>
   <marc:datafield ind1=" " ind2=" " tag="300">
      <marc:subfield code="a">156 / 92 Min.</marc:subfield>
   </marc:datafield>
</marc:record>
